1929 1121 1499 1479 1808 1248 1420 1852 1896 1133 1423 1022 1159 1532 1341 1913 1339 1594 1174 1802 1425 1377 1891 1568 1898 1298 1919 1259 1231 1408 1568 1843 1354 1745 1510 1511 1596 1781 1116 1273 1049 1335 1892 1045 1385 1697 1774 1861 1977 1657 1151 1422 1055 1234 1550 1186 1078 1567 1116 1092 1066 1455 1328 1970 1921 1792 1793 1820 1415 1019 1561 1565 1728 1609 1745 1346 1491 1652 1117 1124 1247 1110 1129 1887 1985 1510 1113 1185 1205 1686 1496 1762 1833 1806 1035 1988 1847 1321 1028 BCNSPRNW ULIB Ver.6.0+V

เปลี่ยนเป็นภาษาไทย

Change to English
 แสดงรายละเอียดบรรณานุกรม
  กลับหน้าหลัก

Brief Record : Get Marc (ISO 2709) : E-mail record : QR code < ปิดหน้าต่าง
LEADER : 00000nam 2200000uu 4500
001    13399112791
003     ULIB
008    110220s2541||||th 000 0 tha d
050  4 HV6157^bก741ส 2541
100 0  กุหลาบ รัตนสัจธรรม
245 00 สัมพันธภาพในครอบครัวกับปัญหายาเสพย์ติดและพฤติกรรมทางเพทศของนักศึกษาอาชีวศึกษาในภาคตะวันออก/^cกุหลาบ รัตนสัจธรรม
260    กรุงเทพฯ:^bสำนักนโยบายและแผนอุดมศึกษา สำนักงานปลัดทบวงมหาวิทยาลัย,^c2541
300    209 หน้า
650  7 นักเรียนอาชีวศึกษา^xวิจัย
650  7 ปัญหายาเสพย์ติด^xวิจัย
650  7 พฤติกรรมทางเพศ^xวิจัย
650  7 สัมพันธภาพในครอบครัว^xวิจัย
710 2  สำนักนโยบายและแผนอุดมศึกษา
710 2  สำนักงานปลัดทบวงมหาวิทยาลัย
945    ^p0^l0^i019173
995    ทศพร
999 ^a ใช้งานได้ทุกระบบ
รายการนี้ยังไม่มีแท็ก
คุณยังไม่ได้ล็อกอิน คุณสามารถมีกิจกรรมร่วมกับเว็บไซต์ได้ แต่ต้องล็อกอินก่อน ::
  ล็อกอิน

รายการสื่อสารสนเทศ

ลำดับที่ ประเภท เลขเรียก/บาร์โค้ด สถานที่ สถานะ
- ไม่พบข้อมูล -

รายการใกล้เคียง
    ผู้แต่ง [กุหลาบ รัตนสัจธรรม]

BibComment


ยังไม่เคยถูกคอมเมนท์

คอมเมนท์ทรัพยากรรายการนี้
  คอมเมนท์: สัมพันธภาพในครอบค..


 Copyright 2026. Bcnsprnw @Library